000 00970nam a2200253Ia 4500
003 OSt
005 20220930190025.0
006 a|||||r|||| 00| 0
007 ta
008 220926b |||||||| |||| 00| 0 hin d
020 _a8188230987 (hbk)
_c300
024 _a1330
037 _b573, 30/01/2009, Eastern Book Linkers
_cTextbook
040 _aCRL
_cCRL
_bhin
041 _2hin
_ahin
082 _aNA44:(Delta:864), 152P8
100 _aशर्मा ‘दैवज्ञ’, शैलेन्द्र
245 0 _aवास्तु सर्वस्व
246 _aDas pratinidhi kahāniyaॉan
260 _aनई दिल्ली,
_bरंजन पब्लिकेशन्स, भारत
_c2008
300 _a280पृ0
_ccm.
942 _hNA44:(Delta:864), 152P8
_cTB
_2CC
999 _c891470
_d891470